[Event "ROM-ch U10"]
[Site "Calimanesti"]
[Date "2015.04.02"]
[Round "4"]
[White "Dobrescu, Cezar Constantin"]
[Black "Marcu, Tudor Alexandru"]
[Result "1-0"]
[WhiteElo "1392"]
[BlackElo "1119"]
[PlyCount "112"]
[EventDate "2015.03.30"]
[EventType "swiss"]
[EventRounds "9"]
[EventCountry "ROU"]
[SourceTitle "CBM 165 Extra"]
[Source "ChessBase"]
[SourceDate "2015.04.21"]
[SourceVersion "1"]
[SourceVersionDate "2015.04.21"]
[SourceQuality "1"]

1. e4 e5 2. Nf3 Nf6 3. Nxe5 d6 4. Nf3 Nxe4 5. Nc3 Nxc3 6. dxc3 Be7 7. Bd3 0-0 8. 0-0 Bg4 9. h3 Bh5 10. Bf4 Nc6 11. Re1 Re8 12. Qe2 Bf6 13. Qxe8+ Qxe8 14. Rxe8+ Rxe8 15. Re1 Rxe1+ 16. Nxe1 Be5 17. Be3 a6 18. f4 Bf6 19. g4 Bh4 20. Ng2 Bxg4 21. hxg4 Bf6 22. g5 Be7 23. Be4 h6 24. Bxc6 bxc6 25. Kf2 hxg5 26. fxg5 Kh7 27. Nh4 g6 28. Nf3 f6 29. gxf6 Bxf6 30. Ng5+ Bxg5 31. Bxg5 c5 32. Bd8 c6 33. Be7 d5 34. Bxc5 Kh6 35. Kg3 Kg5 36. Bb6 Kf5 37. b4 g5 38. a4 g4 39. a5 Kg5 40. Bc7 Kf5 41. Bf4 Ke4 42. Kxg4 d4 43. c4 d3 44. cxd3+ Kxd3 45. c5 Kc4 46. Bd2 Kb5 47. Kf5 Kc4 48. Ke6 Kb5 49. Kd6 Ka4 50. Kxc6 Kb3 51. Kb6 Kc2 52. c6 Kxd2 53. c7 Kd3 54. c8Q Ke4 55. Qd7 Kf4 56. Qe6 Kg5 1-0

[Event "ROM-ch U10"]
[Site "Calimanesti"]
[Date "2015.03.31"]
[Round "2"]
[White "Irimia, Andrei"]
[Black "Marcu, Tudor Alexandru"]
[Result "0-1"]
[WhiteElo "1001"]
[BlackElo "1119"]
[PlyCount "40"]
[EventDate "2015.03.30"]
[EventType "swiss"]
[EventRounds "9"]
[EventCountry "ROU"]
[SourceTitle "CBM 165 Extra"]
[Source "ChessBase"]
[SourceDate "2015.04.21"]
[SourceVersion "1"]
[SourceVersionDate "2015.04.21"]
[SourceQuality "1"]

1. e4 e5 2. Qh5 Nf6 3. Qf3 d5 4. d4 dxe4 5. Qe2 exd4 6. Qb5+ Qd7 7. Qe5+ Be7 8. Bg5 Nc6 9. Qb5 Qd5 10. Qe2 Qxg5 11. Nh3 Qc1+ 12. Qd1 Qxb2 13. Nd2 Nb4 14. Rc1 Nxa2 15. Rb1 Qc3 16. Rb3 Qa5 17. Rb5 Qa3 18. Nc4 Nc3 19. Qxd4 Qc1+ 20. Qd1 Qxd1# 0-1

[Event "ROM-ch U08"]
[Site "Calimanesti"]
[Date "2014.04.13"]
[Round "9"]
[White "Busuioc, Stelian Marian"]
[Black "Marcu, Tudor Alexandru"]
[Result "1-0"]
[WhiteElo "1212"]
[BlackElo "1123"]
[PlyCount "87"]
[EventDate "2014.04.06"]
[EventType "swiss"]
[EventRounds "9"]
[EventCountry "ROU"]
[SourceTitle "CBM 160 Extra"]
[Source "ChessBase"]
[SourceDate "2014.07.01"]
[SourceVersion "1"]
[SourceVersionDate "2014.07.01"]
[SourceQuality "1"]

1. e4 e5 2. Nf3 Nf6 3. Nxe5 d6 4. Nf3 Nxe4 5. d3 Nf6 6. Be3 Be7 7. Be2 0-0 8. Nc3 Be6 9. 0-0 Nc6 10. d4 d5 11. a3 Ne4 12. Nxe4 dxe4 13. Ne5 Nxe5 14. dxe5 a6 15. f4 exf3 16. Bxf3 c6 17. Be4 Bc4 18. Rf3 Qxd1+ 19. Rxd1 Be2 20. Rd7 Bxf3 21. Bxf3 Rfe8 22. Rxb7 Rab8 23. Bxc6 Rxb7 24. Bxb7 Rb8 25. Bxa6 Rxb2 26. Bd3 Bxa3 27. Bd4 Rb1+ 28. Kf2 Bb2 29. Bxb2 Rxb2 30. Ke3 Kf8 31. Kd4 g6 32. Be4 Ke7 33. c4 Kd7 34. Bd5 f5 35. exf6 Kd6 36. c5+ Kd7 37. Ke5 Re2+ 38. Be4 Ke8 39. c6 Kf7 40. c7 Rf2 41. c8Q Rxf6 42. Qd7+ Kf8 43. Kxf6 Kg8 44. Qg7# 1-0

[Event "ROM-ch U08"]
[Site "Calimanesti"]
[Date "2014.04.12"]
[Round "8"]
[White "Marcu, Tudor Alexandru"]
[Black "Craita, Alexandru Stefan"]
[Result "0-1"]
[WhiteElo "1123"]
[BlackElo "1284"]
[PlyCount "62"]
[EventDate "2014.04.06"]
[EventType "swiss"]
[EventRounds "9"]
[EventCountry "ROU"]
[SourceTitle "CBM 160 Extra"]
[Source "ChessBase"]
[SourceDate "2014.07.01"]
[SourceVersion "1"]
[SourceVersionDate "2014.07.01"]
[SourceQuality "1"]

1. e4 e5 2. Nf3 Nc6 3. Bc4 Nf6 4. Ng5 d5 5. exd5 Na5 6. Bb5+ c6 7. dxc6 bxc6 8. Be2 h6 9. b4 Bxb4 10. Nf3 e4 11. Ne5 Qd4 12. c3 Qxe5 13. d4 Bxc3+ 14. Nxc3 Qd6 15. 0-0 0-0 16. a4 Rb8 17. Ba3 Qf4 18. Bxf8 Kxf8 19. f3 Qe3+ 20. Kh1 Qxc3 21. fxe4 Nxe4 22. Bf3 Nd2 23. Qe1 Ba6 24. Rf2 Nab3 25. Ra3 Qxd4 26. Bxc6 Qc5 27. Ra2 Qxc6 28. Rb2 Qc5 29. Rfxd2 Re8 30. Qxe8+ Kxe8 31. Rxb3 Qc1+ 0-1

[Event "ROM-ch U08"]
[Site "Calimanesti"]
[Date "2014.04.08"]
[Round "3"]
[White "Coman, Gabriel Flavius"]
[Black "Marcu, Tudor Alexandru"]
[Result "1-0"]
[WhiteElo "1014"]
[BlackElo "1123"]
[PlyCount "65"]
[EventDate "2014.04.06"]
[EventType "swiss"]
[EventRounds "9"]
[EventCountry "ROU"]
[SourceTitle "CBM 160 Extra"]
[Source "ChessBase"]
[SourceDate "2014.07.01"]
[SourceVersion "1"]
[SourceVersionDate "2014.07.01"]
[SourceQuality "1"]

1. e4 c5 2. c4 Nc6 3. Nc3 g6 4. g3 Bg7 5. Bg2 e6 6. Nge2 Nge7 7. 0-0 0-0 8. d3 b6 9. Bd2 Bb7 10. Qc1 Nd4 11. Re1 e5 12. Nxd4 cxd4 13. Nd5 Rc8 14. b3 Nxd5 15. exd5 b5 16. Rb1 bxc4 17. bxc4 Rb8 18. d6 Bxg2 19. Kxg2 Qf6 20. Qa3 Rfe8 21. Qxa7 Rxb1 22. Rxb1 Qxd6 23. Rb6 Qc5 24. Qxd7 Qxb6 25. Qxe8+ Bf8 26. Bh6 Qd6 27. a4 e4 28. a5 exd3 29. a6 d2 30. a7 d1Q 31. a8Q Qa4 32. Qxf8+ Qxf8 33. Qxf8# 1-0